000 00772nam a2200241 a 4500
001 56039
003 BD-RjUL
005 20211209080339.0
008 161124s1969 ii abc b 011 0 engs
035 _a(BD-RjUL)56163
040 _aDLC
_cDLC
_dBD-RjUL
_beng
041 _aeng
082 _223
_a338.109
_bESS 1969
245 0 0 _aEssays on agricultural geography :
_ba memorial volume to Dr. B. N. Mukherji. /
_cEdited [and published] by Bireswar Banerjee.
260 _aCalcutta,
_c1969.
300 _axii, 287 p.
_billus., maps, port.
_c25 cm.
350 _a40.00
_a($6.00)
650 0 _aAgricultural geography.
_9166815
700 1 _aMukherji, Birendranath,
_d1907-1963.
_9166816
700 1 _aBanerjee, Bireswar,
_eed.
_9166817
942 _2ddc
_cBK
999 _c56039
_d56039